LEADER 01671nam a2200385 a 4500 001 000000173949 003 CaOOAMICUS 005 20201113131425.0 008 201113s2020 gw f 001 u ger r 020 $a978-3-11-070039-8* 032 $aLibriCat 040 $aPul$bita 041 0 $ager$afre$aeng 245 04$aDie Bibliothek ? The Library ? La Bibliothèque :$bDenkräume und Wissensordnungen /$cherausgegeben von Andreas Speer und Lars Reuke. 246 01$aLa Bibliothèque 246 01$aThe Library 260 $aBerlin ; ;$aBoston :$bDe Gruyter,$c©2020. 300 $axxv, 914 p., 29 tav. a colori ; $c25 cm. 490 1 $aMiscellanea mediaevalia ;$v41 500 $aContributi in tedesco, francese e inglese. 500 $aIl sottotitolo compare sulla coperta. 504 $aBibliografia in nota. 650 4$aBiblioteche$xStoria.$0(OLS)http://pul/subject/34363 700 1 $aSpeer, Andreas,$c1957-$0(OLS)http://pul/name/6518 700 1 $aReuke, Lars.$0(OLS)http://pul/name/111777 830 0$aMiscellanea mediaevalia ;$v41.$0(OLS)http://pul/title/407 850 $aPUL 852 $aPUL$W1$xSL Filosofia 1$y2$m105(1) F 41$j198083$qStampati$B202773$CPULBib$Z2$F202773 $82 941 1 $a8 996 $6020$a978-3-11-070039-8*$9(OLS)http://pul/number/167825 996 $6245$aDie Bibliothek ? The Library ? La Bibliothèque :$bDenkräume und Wissensordnungen$9(OLS)http://pul/title/215178 996 $6246$aLa Bibliothèque$9(OLS)http://pul/title/215180 996 $6246$aThe Library$9(OLS)http://pul/title/215179 996 $6260$aBerlin ; $aBoston :$bDe Gruyter$9(OLS)http://pul/publisher/82016 LEADER 01631nam a2200337 a 4500 001 000000112841 003 CaOOAMICUS 005 20080723111547.0 008 080723s2008 it 000 0 ita d 020 $z978-88-343-1661-0* 040 $aPUL$bita$dLDB 100 1 $aFumagalli Carulli, Ombretta,$d1944-$0(OLS)http://pul/name/27859 245 13$aIl matrimonio canonico tra principi astratti e casi pratici /$cOmbretta Fumagalli Carulli ; con cinque sentenze rotali commentate a cura di Anna Sammassimo. 260 $aMilano :$bVita e pensiero,$cc2008. 300 $a313 p. ;$c22 cm. 490 1 $aDiritto. Ricerche 504 $aBibliografia in nota. 650 14$aMatrimonio (diritto canonico).$0(OLS)http://pul/subject/475 700 1 $aSammassimo, Anna,$d1973-$0(OLS)http://pul/name/69499 830 0$aRicerche (Vita e Pensiero). $pDiritto.$0(OLS)http://pul/title/200205 850 $aPUL 852 $aPUL$W1$xSL Diritto Canonico 3$y77$m262. 9 FUMOM 1$j129115$qDDC 21$B128081$CPULBib$Z2$F128081 $H108021 $82 852 $aPUL$W1$xDP1 Fondo G. Barberini$y122$m3 C 70$j162915$b2 copia$qFondi$B179070$CPULBib$Z2$F179070 $HBar671 $82 941 1 $a9 941 1 $a1 960 $aDiritto matrimoniale canonico$9475 983 0$aDiritto.$pRicerche (Vita e pensiero) 983 0$aV & P. Diritto. Ricerche. 996 $6020$z978-88-343-1661-0*$9(OLS)http://pul/number/138575 996 $6245$aIl matrimonio canonico tra principi astratti e casi pratici$9(OLS)http://pul/title/141840 996 $6260$aMilano :$bVita e pensiero$9(OLS)http://pul/publisher/48016